Giáo dục học tiểu học II Sách dùng cho hệ Cử nhân Giáo dục Tiểu học

Trình bày những vấn đề chung của giáo dục tiểu học: quá trình, nguyên tắc, nhiệm vụ, nội dung và phương pháp giáo dục tiểu học. Hình thức tổ chức hoạt động giáo dục ngoài giờ lên lớp ở trường tiểu học

সংরক্ষণ করুন:
গ্রন্থ-পঞ্জীর বিবরন
প্রধান লেখক: Đặng Vũ Hoạt
অন্যান্য লেখক: Nguyễn Hữu Hợp
বিন্যাস: গ্রন্থ
ভাষা:Vietnamese
প্রকাশিত: H. Đại học Sư phạm 2009
বিষয়গুলি:
ট্যাগগুলো: ট্যাগ যুক্ত করুন
কোনো ট্যাগ নেই, প্রথমজন হিসাবে ট্যাগ করুন!
Thư viện lưu trữ: Mạng thư viện Đại học Đà Nẵng
LEADER 01473aam a22003498a 4500
001 000006484
003 2640
005 20110913070934.0
008 110913s2009 viesd
020 |c 39000đ  |d 1000b 
041 0 |a vie 
082 1 4 |2 14  |a 372.01  |b ĐĂ-H 
100 1 |a Đặng Vũ Hoạt 
245 1 0 |a Giáo dục học tiểu học II  |b Sách dùng cho hệ Cử nhân Giáo dục Tiểu học  |c Đặng Vũ Hoạt, Nguyễn Hữu Hợp 
260 |a H.  |b Đại học Sư phạm  |c 2009 
300 |a 216tr.  |c 24cm 
504 |a Thư mục: tr. 215 
520 |a Trình bày những vấn đề chung của giáo dục tiểu học: quá trình, nguyên tắc, nhiệm vụ, nội dung và phương pháp giáo dục tiểu học. Hình thức tổ chức hoạt động giáo dục ngoài giờ lên lớp ở trường tiểu học 
650 7 |2 Bộ TK TVQG  |a Giáo dục học 
650 7 |2 Bộ TK TVQG  |a Tiểu học 
655 7 |2 Bộ TK TVQG  |a Giáo trình 
700 1 |a Nguyễn Hữu Hợp 
OWN |a LSP 
AVA |a UDN50  |b LSP  |d 372.01 ĐĂ-H  |e check_holdings  |t Error 5003 Not defined in file expand_doc_bib_avail.  |h N  |k 1 
999 |a From the UDN01 
AVA |a UDN50  |b LSP  |d 372.01 ĐĂ-H  |e available  |t Error 5001 Not defined in file expand_doc_bib_avail.  |f 24  |g 0  |h N  |i 37  |k 1 
TYP |a Monograph 
TYP |a Printed language 
980 |a Mạng thư viện Đại học Đà Nẵng